Társadalmi, gazdasági hálózatok és a pénzügyi kultúra alkalmazása a statisztika oktatásban
Elmentve itt :
| Szerzők: | |
|---|---|
| Dokumentumtípus: | Könyv része |
| Megjelent: |
Szegedi Tudományegyetem Állam- és Jogtudományi Kar
Szeged
2018
|
| Sorozat: | Acta Universitas Szegediensis - Acta Juridica et Politica
Ünnepi kötet Dr. Katona Tamás egyetemi tanár 70. születésnapjára |
| mtmt: | 30724093 |
| Online Access: | http://publicatio.bibl.u-szeged.hu/21523 |
| LEADER | 00982naa a2200229 i 4500 | ||
|---|---|---|---|
| 001 | publ21523 | ||
| 005 | 20210531120300.0 | ||
| 008 | 210531s2018 hu o 0|| zxx d | ||
| 020 | |a 9789633066218 | ||
| 024 | 7 | |a 30724093 |2 mtmt | |
| 040 | |a SZTE Publicatio Repozitórium |b hun | ||
| 041 | |a zxx | ||
| 100 | 1 | |a Kovács Péter | |
| 245 | 1 | 0 | |a Társadalmi, gazdasági hálózatok és a pénzügyi kultúra alkalmazása a statisztika oktatásban |h [elektronikus dokumentum] / |c Kovács Péter |
| 260 | |a Szegedi Tudományegyetem Állam- és Jogtudományi Kar |b Szeged |c 2018 | ||
| 300 | |a 7 | ||
| 300 | |a 245-251 | ||
| 490 | 0 | |a Acta Universitas Szegediensis - Acta Juridica et Politica | |
| 490 | 0 | |a Ünnepi kötet Dr. Katona Tamás egyetemi tanár 70. születésnapjára | |
| 700 | 0 | 1 | |a Kazár Klára |e aut |
| 700 | 0 | 1 | |a Kuruczleki Éva |e aut |
| 856 | 4 | 0 | |u http://publicatio.bibl.u-szeged.hu/21523/1/Tarsadalmigazdasagihalozatokesapenzugyikulturaalkalmazasaastatisztikaoktatasban.pdf |z Dokumentum-elérés |